|
|
|
|
| LEADER |
01634nam a2200457 a 4500 |
| 001 |
nkc20112194206 |
| 003 |
CZ PrNK |
| 005 |
20260316132305.0 |
| 007 |
ta |
| 008 |
110531s2011 xr ab g f 001 0 cze |
| 015 |
|
|
|a cnb002194206
|
| 020 |
|
|
|a 978-80-87471-16-6
|q (brož.)
|
| 035 |
|
|
|a (OCoLC)746837017
|
| 040 |
|
|
|a OLA001
|b cze
|d BOA001
|
| 041 |
0 |
|
|a cze
|a fre
|
| 072 |
|
7 |
|a 81
|x Lingvistika. Jazyky
|2 Konspekt
|9 11
|
| 080 |
|
|
|a 811.133.1
|2 MRF
|
| 080 |
|
|
|a 811.162.3
|2 MRF
|
| 080 |
|
|
|a 81'24
|2 MRF
|
| 080 |
|
|
|a (035)
|2 MRF
|
| 245 |
0 |
0 |
|a Francouzština :
|b konverzace : [se slovníkem a gramatikou /
|c konverzaci vytvořil autorský kolektiv pracovníků Lingea]
|
| 246 |
1 |
|
|i Název na rubu tit. s.:
|a Lingea konverzace česko-francouzská
|
| 250 |
|
|
|a 2. vyd.
|
| 260 |
|
|
|a V Brně :
|b Lingea,
|c 2011
|
| 300 |
|
|
|a 352 s. :
|b barev. il., mapy ;
|c 14 cm
|
| 500 |
|
|
|a Obsahuje rejstřík
|
| 650 |
0 |
7 |
|a francouzština
|7 ph135297
|2 czenas
|
| 650 |
0 |
7 |
|a čeština
|7 ph135292
|2 czenas
|
| 650 |
0 |
7 |
|a konverzace
|7 ph166079
|2 czenas
|
| 650 |
0 |
9 |
|a French language
|2 eczenas
|
| 650 |
0 |
9 |
|a Czech language
|2 eczenas
|
| 650 |
0 |
9 |
|a conversation, terms and phrases
|2 eczenas
|
| 655 |
|
7 |
|a příručky
|7 fd133209
|2 czenas
|
| 655 |
|
9 |
|a handbooks and manuals
|2 eczenas
|
| 710 |
2 |
|
|a Lingea (firma)
|7 ko2003165020
|4 aut
|4 pbl
|
| 910 |
2 |
|
|a BOA001
|b S-1269.273
|
| 990 |
|
|
|a BK
|
| 995 |
|
|
|a 01
|
| 991 |
|
|
|b 201106
|c NOV
|e n
|
| 996 |
6 |
|
|b 2610481101
|c S-1269.273
|l MZK
|r Sklad / do 24 hodin
|n 1
|p p.v.
|w 001186396
|u 000010
|a 1
|e BOA001
|j MZK50
|s P
|
| 996 |
6 |
|
|b 2610481102
|c S-1269.273
|l MZK
|r Sklad / do 24 hodin
|n 0
|p p.v.
|w 001186396
|u 000020
|a 1
|e BOA001
|j MZK50
|s P
|